[Event "Tenerife-ch Seniors/Women"]
[Site "Santa Cruz de Tenerife"]
[Date "2023.03.17"]
[Round "3.7"]
[White "Abreu Suarez, Isauro"]
[Black "Nuevo Cabezas, Antonio"]
[Result "1-0"]
[WhiteElo "1984"]
[BlackElo "1391"]
[PlyCount "67"]
[EventDate "2023.03.13"]
[EventType "swiss"]
[EventRounds "9"]
[EventCountry "ESP"]
[SourceTitle "EXT 2024"]
[Source "ChessBase"]
[SourceDate "2023.10.10"]
[SourceVersion "1"]
[SourceVersionDate "2023.10.10"]
[SourceQuality "1"]

1. e4 e5 2. Nf3 Nc6 3. Bc4 Bc5 4. 0-0 Qf6 5. Nc3 Nge7 6. Nd5 Nxd5 7. exd5 Nd4 8. Nxe5 0-0 9. Ng4 Qd8 10. c3 Nf5 11. d4 Bb6 12. Bd3 d6 13. Re1 Bd7 14. Qf3 Nh4 15. Qg3 Ng6 16. Bd2 a6 17. f4 f5 18. Nf2 Qf6 19. Kf1 Ba5 20. Nh3 h6 21. Ng1 b5 22. Nf3 Rab8 23. b4 Bb6 24. Bc2 Kh7 25. h4 Rf7 26. h5 Nf8 27. Ng5+ hxg5 28. fxg5 Qd8 29. g6+ Kg8 30. gxf7+ Kxf7 31. Bg5 Qc8 32. Re7+ Kg8 33. Bf6 g6 34. Rg7+ 1-0

[Event "Santa Cruz Christmas op 32nd"]
[Site "Santa Cruz"]
[Date "2022.12.23"]
[Round "6"]
[White "Rizoev, Rifat"]
[Black "Nuevo Cabezas, Antonio"]
[Result "1-0"]
[WhiteElo "1768"]
[BlackElo "1335"]
[PlyCount "89"]
[EventDate "2022.12.15"]
[EventType "swiss"]
[EventRounds "9"]
[EventCountry "ESP"]
[SourceTitle "EXT 2024"]
[Source "ChessBase"]
[SourceDate "2023.10.10"]
[SourceVersion "1"]
[SourceVersionDate "2023.10.10"]
[SourceQuality "1"]

1. d4 d5 2. c4 dxc4 3. e4 b5 4. a4 Bd7 5. axb5 Bxb5 6. Nc3 c6 7. Nf3 Nd7 8. d5 a6 9. dxc6 Bxc6 10. Bxc4 e6 11. Rxa6 Rxa6 12. Bxa6 Bb4 13. Qd4 Bc5 14. Qxg7 Qf6 15. Qxf6 Ngxf6 16. Bc4 Ng4 17. 0-0 h6 18. h3 Ngf6 19. Bf4 Ke7 20. Ne5 Bb7 21. Nxd7 Nxd7 22. Re1 e5 23. Be3 Bb4 24. Ra1 h5 25. Nd5+ Kd6 26. Nxb4 f6 27. Bb5 Rd8 28. Rd1+ Kc7 29. Rxd7+ Rxd7 30. Bxd7 Kxd7 31. Nd5 Ke6 32. b4 h4 33. Nc3 Kd6 34. g4 hxg3 35. fxg3 Ke6 36. g4 Kf7 37. Kf2 Kg6 38. Kf3 Bc8 39. b5 Bd7 40. b6 Bc6 41. Na4 Bxa4 42. b7 Bd1+ 43. Kg3 Bc2 44. b8Q Bxe4 45. Qg8# 1-0

[Event "Tenerife-chT Segunda"]
[Site "Tenerife"]
[Date "2021.09.18"]
[Round "11.1"]
[White "Nuevo Cabezas, Antonio"]
[Black "Mendoza Riquel, Alvaro Hermogene"]
[Result "1-0"]
[WhiteElo "1311"]
[BlackElo "1286"]
[PlyCount "93"]
[EventDate "2021.02.27"]
[EventType "team-tourn"]
[EventRounds "13"]
[EventCountry "ESP"]
[SourceTitle "EXT 2023"]
[Source "ChessBase"]
[SourceDate "2022.10.05"]
[SourceVersion "1"]
[SourceVersionDate "2022.10.05"]
[SourceQuality "1"]
[WhiteTeam "Ebano Barrio Nuevo IV"]
[BlackTeam "Piratas La Orotava"]
[WhiteTeamCountry "ESP"]
[BlackTeamCountry "ESP"]

1. e4 e5 2. Bc4 Nc6 3. Nc3 Nf6 4. d3 Bc5 5. Bg5 h6 6. Bh4 g5 7. Bg3 d6 8. h3 h5 9. Qd2 Rg8 10. 0-0-0 Be6 11. f3 g4 12. Bh4 Qe7 13. Nd5 Bxd5 14. Bxd5 0-0-0 15. Bxc6 bxc6 16. Qa5 Bb6 17. Qa6+ Kd7 18. g3 Rb8 19. c3 c5 20. fxg4 hxg4 21. hxg4 Nxg4 22. Bxe7 Nf2 23. Ne2 Nxh1 24. Rxh1 Kxe7 25. Rh7 Rh8 26. Rxh8 Rxh8 27. Qb7 Rh1+ 28. Kd2 f6 29. Qc8 a5 30. Kc2 Rh2 31. Qg4 Rh8 32. Kb3 Ra8 33. Ka4 Rh8 34. Kb5 Kf7 35. Kc6 Rg8 36. Qh5+ Ke7 37. Qh7+ Kf8 38. Kd5 Rg7 39. Qh5 Ke7 40. Qf5 Kf7 41. a4 Ke7 42. Qe6+ Kf8 43. Qxf6+ Kg8 44. Ke6 Kh7 45. Qh4+ Kg6 46. g4 Rh7 47. Qf6# 1-0

[Event "Tenerife-chT Segunda"]
[Site "Tenerife"]
[Date "2021.05.08"]
[Round "5.1"]
[White "Francisco Quinones, Fernando Antonio"]
[Black "Nuevo Cabezas, Antonio"]
[Result "0-1"]
[WhiteElo "1158"]
[BlackElo "1311"]
[PlyCount "66"]
[EventDate "2021.02.27"]
[EventType "team-tourn"]
[EventRounds "13"]
[EventCountry "ESP"]
[SourceTitle "EXT 2023"]
[Source "ChessBase"]
[SourceDate "2022.10.05"]
[SourceVersion "1"]
[SourceVersionDate "2022.10.05"]
[SourceQuality "1"]
[WhiteTeam "Fundacion La Caja de Canarias IV"]
[BlackTeam "Ebano Barrio Nuevo IV"]
[WhiteTeamCountry "ESP"]
[BlackTeamCountry "ESP"]

1. e4 e5 2. Nf3 Nc6 3. Bc4 Bc5 4. c3 a6 5. 0-0 h6 6. d3 Qf6 7. Nbd2 d6 8. Re1 Nge7 9. d4 exd4 10. cxd4 Nxd4 11. Nxd4 Bxd4 12. Qh5 Qxf2+ 13. Kh1 Qxe1+ 14. Nf1 0-0 15. Bd2 Qxa1 16. Qf3 Nc6 17. Bd3 Be6 18. e5 Bxe5 19. Qe4 f5 20. Qf3 Rab8 21. g3 Qxb2 22. Ne3 Qxd2 23. Bxf5 Qxa2 24. Qh5 Nd4 25. Qg6 Nxf5 26. Qxe6+ Qxe6 27. Ng4 Bd4 28. h4 Qe4+ 29. Kh2 Qxg4 30. Kg2 Qxg3+ 31. Kf1 Nxh4+ 32. Ke2 Rf2+ 33. Kd1 Qg1# 0-1

[Event "Tenerife-chT Segunda"]
[Site "Tenerife"]
[Date "2021.03.20"]
[Round "4.1"]
[White "Nuevo Cabezas, Antonio"]
[Black "Barbero Alsina, Hugo"]
[Result "1-0"]
[WhiteElo "1311"]
[BlackElo "1170"]
[PlyCount "87"]
[EventDate "2021.02.27"]
[EventType "team-tourn"]
[EventRounds "13"]
[EventCountry "ESP"]
[SourceTitle "EXT 2023"]
[Source "ChessBase"]
[SourceDate "2022.10.05"]
[SourceVersion "1"]
[SourceVersionDate "2022.10.05"]
[SourceQuality "1"]
[WhiteTeam "Ebano Barrio Nuevo IV"]
[BlackTeam "Fundacion La Caja de Canarias III"]
[WhiteTeamCountry "ESP"]
[BlackTeamCountry "ESP"]

1. e4 c5 2. Bc4 e6 3. Nc3 a6 4. a3 b5 5. Ba2 Bb7 6. d3 Nc6 7. Bf4 Nf6 8. h3 d5 9. e5 Nd7 10. Nf3 Qc7 11. Qe2 d4 12. Nd1 f6 13. Bg3 fxe5 14. 0-0 0-0-0 15. Bxe6 h6 16. Bf5 Bd6 17. b3 Rdf8 18. Be4 Nf6 19. c3 g5 20. Nh2 Ne7 21. f3 Bxe4 22. dxe4 Ng6 23. cxd4 exd4 24. Bxd6 Qxd6 25. Nf2 Nh5 26. Qd2 Ngf4 27. Nd3 Nxd3 28. Qxd3 Nf4 29. Qd2 Rhg8 30. Rac1 d3 31. Rf2 Qd4 32. Kh1 Nh5 33. Ng4 Ng3+ 34. Kh2 h5 35. Ne3 Qd6 36. Kg1 g4 37. fxg4 Nxe4 38. Nf5 Qf6 39. Qe3 Qe5 40. Rf4 d2 41. Rd1 Re8 42. Rxe4 Qxe4 43. Nd6+ Kc7 44. Nxe4 1-0

[Event "Tenerife-chT Segunda-A 1819"]
[Site "Tenerife"]
[Date "2019.01.19"]
[Round "5.3"]
[White "Hernandez Abreu, Victor"]
[Black "Nuevo Cabezas, Antonio"]
[Result "1-0"]
[WhiteElo "1366"]
[BlackElo "1376"]
[PlyCount "75"]
[EventDate "2018.11.24"]
[EventType "team-tourn"]
[EventRounds "14"]
[EventCountry "ESP"]
[SourceTitle "CBM 189 Extra"]
[Source "ChessBase"]
[SourceDate "2019.06.03"]
[SourceVersion "1"]
[SourceVersionDate "2019.06.03"]
[SourceQuality "1"]
[WhiteTeam "Al Shah Mat Los Realejos"]
[BlackTeam "Ebano Barrio Nuevo II"]
[WhiteTeamCountry "ESP"]
[BlackTeamCountry "ESP"]

1. d4 d5 2. c4 dxc4 3. e3 c6 4. Bxc4 b5 5. Bd3 Bb7 6. Qf3 Qc8 7. Be4 e6 8. Nc3 Nf6 9. Nge2 Nbd7 10. Bd2 a5 11. Rc1 Nxe4 12. Qxe4 Nf6 13. Qf4 Qd7 14. e4 a4 15. e5 Nd5 16. Nxd5 Qxd5 17. f3 Qxa2 18. 0-0 h6 19. Qe4 Qd5 20. Qd3 Be7 21. Nf4 Qd7 22. Nh5 0-0 23. Qe4 c5 24. Qg4 g5 25. Rxc5 Rad8 26. Be3 Bxc5 27. Nf6+ Kg7 28. Nxd7 Rxd7 29. dxc5 f5 30. exf6+ Rxf6 31. Bd4 Rdf7 32. Qxe6 Kg6 33. Bxf6 Rxf6 34. Qe8+ Kf5 35. g4+ Kf4 36. Qb8+ Ke3 37. Qe5+ Kd3 38. Qxf6 1-0

[Event "Santa Cruz de Tenerife Autumn op"]
[Site "Santa Cruz de Tenerife"]
[Date "2018.10.30"]
[Round "8"]
[White "Nuevo Cabezas, Antonio"]
[Black "Diaz Reyes, Killian"]
[Result "0-1"]
[WhiteElo "1376"]
[BlackElo "1732"]
[PlyCount "112"]
[EventDate "2018.10.15"]
[EventType "swiss"]
[EventRounds "9"]
[EventCountry "ESP"]
[SourceTitle "CBM 187 Extra"]
[Source "ChessBase"]
[SourceDate "2018.11.04"]
[SourceVersion "1"]
[SourceVersionDate "2018.11.04"]
[SourceQuality "1"]

1. d4 d5 2. Bf4 e6 3. Nf3 Bd6 4. Bxd6 Qxd6 5. c3 Nf6 6. h3 Nbd7 7. e3 c5 8. Qa4 0-0 9. Nbd2 e5 10. dxe5 Nxe5 11. Nxe5 Qxe5 12. Nf3 Qc7 13. Be2 Re8 14. 0-0 Bd7 15. Bb5 Re4 16. Qb3 Re6 17. Bxd7 Qxd7 18. a4 Rb6 19. Qc2 Ne4 20. Rfd1 Qf5 21. Rac1 g5 22. Nh2 Qe6 23. f3 Nd6 24. Nf1 Nc4 25. b3 Nxe3 26. Nxe3 Qxe3+ 27. Qf2 Qxf2+ 28. Kxf2 Rd8 29. Rb1 f6 30. a5 Re6 31. Rb2 Kf7 32. Rdd2 f5 33. g3 Kf6 34. Rd3 Re5 35. f4 gxf4 36. gxf4 Re4 37. Kf3 Re1 38. Kf2 Ra1 39. b4 c4 40. Rd4 Rc1 41. Rbd2 Rxc3 42. Rxd5 Rxd5 43. Rxd5 Rxh3 44. Rd7 b6 45. axb6 axb6 46. Rd6+ Kg7 47. Rxb6 Rh2+ 48. Kg3 Rb2 49. b5 c3 50. Rc6 c2 51. Kh4 h6 52. Kh5 c1Q 53. Rg6+ Kf7 54. Rxh6 Rh2+ 55. Kg5 Qg1+ 56. Kxf5 Rxh6 0-1

[Event "Santa Cruz de Tenerife Autumn op"]
[Site "Santa Cruz de Tenerife"]
[Date "2018.10.26"]
[Round "6"]
[White "Nuevo Cabezas, Antonio"]
[Black "Mamani Beltran, Daniel"]
[Result "0-1"]
[WhiteElo "1376"]
[BlackElo "1951"]
[PlyCount "48"]
[EventDate "2018.10.15"]
[EventType "swiss"]
[EventRounds "9"]
[EventCountry "ESP"]
[SourceTitle "CBM 187 Extra"]
[Source "ChessBase"]
[SourceDate "2018.11.04"]
[SourceVersion "1"]
[SourceVersionDate "2018.11.04"]
[SourceQuality "1"]

1. d4 d5 2. Bf4 e6 3. Nf3 Bd6 4. Bxd6 cxd6 5. c3 Nf6 6. Nbd2 0-0 7. e3 Re8 8. Be2 e5 9. dxe5 dxe5 10. Nb3 Bg4 11. h3 Bh5 12. g4 Bg6 13. Nbd2 Nc6 14. Qa4 d4 15. cxd4 exd4 16. Nxd4 Nxd4 17. exd4 Bd3 18. 0-0 Rxe2 19. Nf3 Qd5 20. Qd1 Qxf3 21. Qxe2 Bxe2 22. Rfe1 Nxg4 23. hxg4 Qxg4+ 24. Kh2 Bf3 0-1

[Event "Tenerife-chT3 1718"]
[Site "Tenerife"]
[Date "2018.04.21"]
[Round "16.1"]
[White "Mendoza de Leon, Alvaro"]
[Black "Nuevo Cabezas, Antonio"]
[Result "0-1"]
[WhiteElo "1343"]
[BlackElo "1364"]
[PlyCount "64"]
[EventDate "2017.11.11"]
[EventType "team-tourn"]
[EventRounds "18"]
[EventCountry "ESP"]
[SourceTitle "EXT 2021"]
[Source "ChessBase"]
[SourceDate "2020.10.23"]
[SourceVersion "1"]
[SourceVersionDate "2020.10.23"]
[SourceQuality "1"]
[WhiteTeam "Piratas La Orotava"]
[BlackTeam "Ebano Casa Venezuela IV"]
[WhiteTeamCountry "ESP"]
[BlackTeamCountry "ESP"]

1. e4 d5 2. exd5 Qxd5 3. Nc3 Qe5+ 4. Be2 Bf5 5. Nf3 Qa5 6. d4 c6 7. Bf4 Nd7 8. Bd3 e6 9. a3 h6 10. 0-0 Bxd3 11. Qxd3 Be7 12. Qe3 Ngf6 13. Kh1 Qh5 14. h3 0-0 15. Ne5 Rad8 16. Ne2 Nxe5 17. dxe5 Nd5 18. Qg3 Nxf4 19. Qxf4 Bg5 20. Qc4 b5 21. Qe4 Rd5 22. Ng3 Qg6 23. Qxg6 fxg6 24. Rfe1 Rfd8 25. f4 Bh4 26. Re3 Rd2 27. Rc1 Rf2 28. Ne2 Rd2 29. g3 Be7 30. Re1 Bc5 31. Rc3 Bb6 32. Nc1 Rh2# 0-1

[Event "San Cristobal de La Laguna-ch Seniors"]
[Site "San Cristobal de La Laguna"]
[Date "2018.01.19"]
[Round "3.4"]
[White "Febles Dominguez, Alfonso Jesus"]
[Black "Nuevo Cabezas, Antonio"]
[Result "1-0"]
[WhiteElo "1277"]
[BlackElo "1369"]
[PlyCount "56"]
[EventDate "2018.01.15"]
[EventType "swiss"]
[EventRounds "6"]
[EventCountry "ESP"]
[SourceTitle "EXT 2024"]
[Source "ChessBase"]
[SourceDate "2023.10.10"]
[SourceVersion "1"]
[SourceVersionDate "2023.10.10"]
[SourceQuality "1"]

1. e4 d5 2. exd5 Qxd5 3. Nc3 Qe5+ 4. Be2 Bf5 5. Nf3 Qa5 6. 0-0 e6 7. d4 c6 8. Bf4 Nd7 9. Ne5 Ngf6 10. a3 Be7 11. Nc4 Qd8 12. Nd6+ Bxd6 13. Bxd6 a5 14. h3 Nb6 15. Be5 0-0 16. Bd3 Bxd3 17. Qxd3 Nbd5 18. Ne4 b5 19. b3 Nxe4 20. Qxe4 Qg5 21. c4 Ne7 22. cxb5 cxb5 23. h4 Qf5 24. Qb7 Nd5 25. Qxb5 Rfc8 26. Qb7 Qg4 27. Bg3 Qxd4 28. Rac1 Rc5 1-0

[Event "Tenerife-chT Segunda 1718"]
[Site "Tenerife"]
[Date "2018.01.13"]
[Round "6.4"]
[White "Nuevo Cabezas, Antonio"]
[Black "Cruz Paz, Victor"]
[Result "1-0"]
[WhiteElo "1364"]
[BlackElo "1018"]
[PlyCount "43"]
[EventDate "2017.11.11"]
[EventType "team-tourn"]
[EventRounds "14"]
[EventCountry "ESP"]
[SourceTitle "EXT 2019"]
[Source "ChessBase"]
[SourceDate "2018.10.10"]
[SourceVersion "1"]
[SourceVersionDate "2018.10.10"]
[SourceQuality "1"]
[WhiteTeam "Ebano Casa Venezuela"]
[BlackTeam "Playa San Juan"]
[WhiteTeamCountry "ESP"]
[BlackTeamCountry "ESP"]

1. d4 Nf6 2. Bf4 g6 3. h3 Bg7 4. c3 c5 5. dxc5 Nc6 6. Nf3 0-0 7. Nbd2 Qa5 8. b4 Qa3 9. Qc1 Qxc1+ 10. Rxc1 a5 11. a3 axb4 12. axb4 Nd5 13. Bg3 Bxc3 14. b5 Nd4 15. e4 Nxf3+ 16. gxf3 Ra2 17. Rd1 Nb4 18. Bc4 Nc2+ 19. Ke2 Nd4+ 20. Ke3 Ra3 21. Nb1 Ba1+ 22. Nxa3 1-0

[Event "Tenerife-chT Segunda 1718"]
[Site "Tenerife"]
[Date "2017.12.09"]
[Round "4.4"]
[White "Nuevo Cabezas, Antonio"]
[Black "Barbero Alsina, Hugo"]
[Result "1-0"]
[WhiteElo "1364"]
[BlackElo "1257"]
[PlyCount "109"]
[EventDate "2017.11.11"]
[EventType "team-tourn"]
[EventRounds "14"]
[EventCountry "ESP"]
[SourceTitle "EXT 2019"]
[Source "ChessBase"]
[SourceDate "2018.10.10"]
[SourceVersion "1"]
[SourceVersionDate "2018.10.10"]
[SourceQuality "1"]
[WhiteTeam "Ebano Casa Venezuela"]
[BlackTeam "Fundacion La Caja de Canarias"]
[WhiteTeamCountry "ESP"]
[BlackTeamCountry "ESP"]

1. d4 Nf6 2. Nf3 e6 3. a3 c5 4. dxc5 Bxc5 5. c3 Qb6 6. e3 Nc6 7. b4 Be7 8. Nbd2 d5 9. Qa4 a6 10. Ne5 0-0 11. Nxc6 bxc6 12. Nf3 Bd7 13. Ne5 Be8 14. Qc2 Nd7 15. Nf3 c5 16. Bd2 c4 17. Be2 Nf6 18. 0-0 Ne4 19. Be1 Bb5 20. Nd2 Nxd2 21. Bxd2 Bf6 22. Bf3 g6 23. a4 Bc6 24. Rab1 Rab8 25. a5 Qc7 26. e4 Rfe8 27. Be3 Qd7 28. Bc5 dxe4 29. Bxe4 Bxe4 30. Qxe4 Bxc3 31. Qxc4 Bg7 32. Qxa6 Qb5 33. Qxb5 Rxb5 34. a6 Ra8 35. a7 Rb7 36. b5 Bf8 37. Be3 Be7 38. g3 Kf8 39. Rfc1 Ba3 40. Rc6 Ke8 41. Ra6 Bd6 42. Rxd6 Ke7 43. Ra6 f5 44. b6 e5 45. Rc1 Kd7 46. Ra5 e4 47. Ra2 Ke8 48. Rac2 Kd8 49. Rd2+ Ke8 50. Rc7 Rxc7 51. bxc7 Ke7 52. Rd8 Rxd8 53. Bg5+ Kd7 54. Bxd8 Kc8 55. a8Q+ 1-0